Loading...
| History - World History | 0 | 4 | 0 | 1 | 40 | 68 | 94.75 | 0 | 2 |
| History - American History | 0 | 3 | 0 | 1 | 30 | 89 | 99.33 | 0 | 2 |
| History - European History | 0 | 3 | 0 | 0 | 30 | 42 | 90.67 | 0 | 2 |
| History - Other History | 0 | 3 | 0 | 1 | 30 | 70 | 92.00 | 0 | 1 |
| Fine Arts - Painting and Sculpture | 0 | 3 | 0 | 1 | 30 | 72 | 94.00 | 0 | 2 |
| Science - Physics | 0 | 3 | 0 | 1 | 30 | 77 | 93.33 | 0 | 1 |
| Fine Arts - Other Fine Arts | 0 | 2 | 0 | 0 | 20 | 73 | 87.50 | 0 | 1 |
| Geography | 0 | 2 | 0 | 1 | 20 | 85 | 105.00 | 0 | 0 |
| Fine Arts - Classical Music | 0 | 1 | 0 | 0 | 10 | 76 | 76.00 | 0 | 1 |
| Social Science | 0 | 1 | 0 | 1 | 10 | 125 | 125.00 | 0 | 0 |
| Literature - American Literature | 0 | 1 | 0 | 0 | 10 | 77 | 77.00 | 0 | 1 |
| Literature - World Literature | 0 | 1 | 0 | 0 | 10 | 109 | 109.00 | 0 | 0 |
| Mythology | 0 | 1 | 0 | 0 | 10 | 126 | 126.00 | 0 | 0 |
| Pop Culture | 0 | 1 | 0 | 0 | 10 | 143 | 143.00 | 0 | 1 |
| Religion | 0 | 1 | 0 | 0 | 10 | 92 | 92.00 | 0 | 0 |
| Science - Chemistry | 0 | 1 | 0 | 0 | 10 | 80 | 80.00 | 0 | 0 |
| Science - Other Science | 0 | 1 | 0 | 0 | 10 | 99 | 99.00 | 0 | 1 |